000 00840cam a2200217 i 4500
005 20260427094627.0
008 250721s2005 jo gr 000 0 ara d
020 _a9957360183
041 _aara
_aeng
082 1 4 _a428.2
_bه ن ي
100 1 _aالهنيدي، محمد
_eمؤلف.
245 1 0 _aموسوعة كتابة الإنشاء باللغة الإنجليزية للمدارس /
_cتأليف محمد الهنيدي ؛ هناء الشيخ.
250 _aالطبعة الأولى.
264 3 1 _aعمان :
_bدار عالم الثقافة للنشر و التوزيع ؛
_bعالم الثقافة،
_c2005.
300 _a227 صفحة.
650 1 7 _aاللغة الإنجليزية.
650 1 7 _aالإنشاء.
700 1 _aالشيخ، هناء
_eمؤلف.
942 _2ddc
_cBK
999 _c228973
_d228973